|
|
|
|
| LEADER |
00000cam a2200000 a 4500 |
| 001 |
vtls008873527 |
| 003 |
SK-MaSNL |
| 005 |
20260425235304.0 |
| 008 |
240314|2006 xo f d 000 1 slo |
| 015 |
|
|
|a SNBA2007/10-05031
|
| 020 |
|
|
|a 8089166113
|q (viaz.)
|
| 035 |
|
|
|a EEA66B3B-909F-4F2B-9CF4-830E57887D8C
|
| 035 |
|
|
|a urn:nbn:sk:snk-amjee0
|
| 035 |
|
|
|a urn:nbn:sk:snk-am000zd1
|
| 040 |
|
|
|a SNK
|b slo
|c SNK
|e AACR2
|
| 041 |
0 |
|
|a eng
|a slo
|
| 044 |
|
|
|a xo
|c SK
|
| 072 |
|
7 |
|a 355/359
|x Vojenstvo. Obrana krajiny. Ozbrojené sily
|2 konspekt
|
| 072 |
|
7 |
|a 811.111
|x Angličtina
|2 konspekt
|
| 080 |
|
|
|a 355.40
|2 2001
|
| 080 |
|
|
|a 811.111
|2 2001
|
| 080 |
|
|
|a 811.162.4
|2 2001
|
| 080 |
|
|
|a (038)81
|2 2001
|
| 080 |
|
|
|a 81'373.46
|2 2001
|
| 100 |
1 |
|
|a Janík, Pavol,
|d 1956-
|4 aut
|9 221069
|
| 245 |
1 |
0 |
|a Spy dictionary
|b [english-slovak & slovak-english : anglicko slovenský & slovensko-anglický]
|c Pavol Janík
|
| 246 |
1 |
1 |
|a Špionážny slovník
|
| 260 |
|
|
|a [Bratislava
|b Pavol Janík]
|c 2006
|
| 300 |
|
|
|a 93 s.
|c 16 cm
|
| 500 |
|
|
|a Vydavateľské údaje podľa ISBN
|
| 650 |
0 |
7 |
|a špionáž
|2 SNKPH
|9 4807
|
| 650 |
0 |
7 |
|a tajné služby
|2 SNKPH
|9 29183
|
| 650 |
0 |
7 |
|a spravodajské služby
|2 SNKPH
|9 3974
|
| 650 |
0 |
7 |
|a angličtina
|2 SNKPH
|9 1260
|
| 650 |
0 |
7 |
|a slovenčina
|2 SNKPH
|9 1350
|
| 650 |
0 |
7 |
|a odborná terminológia
|2 SNKPH
|9 3616
|
| 655 |
|
7 |
|a jazykové slovníky
|2 SNKPH
|9 70525
|
| 919 |
|
|
|a 80-89166-11-3
|
| 968 |
|
|
|d 355/359
|
| 999 |
|
|
|c 825503
|d 827433
|
| 952 |
|
|
|a SNK
|b SNK
|y VYP
|7 0
|p 17A0554190
|o snkSD 76596 D1
|i snk2007/14907
|8 0
|0 0
|1 0
|4 0
|d 2007-06-08
|f 1
|l 0
|r 2017-06-30 00:00:00
|w 2026-02-24
|
| 952 |
|
|
|a SNK
|b SNK
|y PREZ
|7 0
|p 17A0554189
|o snkSD 76596
|i snk2007/14906
|8 0
|0 0
|1 0
|4 0
|d 2007-06-08
|l 0
|r 2025-11-25 00:00:00
|w 2026-02-24
|